00323nam a2200133Ia 4500008004100000020002200041041000800063082001700071100001300088245002100101250000900122260004900131300000900180230717s9999 xx 000 0 und d a978-93-5035-010-2 aeng a346.052bDAS aDas P.K. aHindu Succession a3ed. bUniversal Law Publishing Co. Pvt. Ltd.c2011 a316p